| 000 | 01666nam a2200253Ia 4500 | ||
|---|---|---|---|
| 008 | 260220t1987||||xx |||||||||||||| ||spa|| | ||
| 020 | _a8496311667 | ||
| 040 |
_aPY-SlUNAC _bspa _erda |
||
| 041 | _aspa | ||
| 082 |
_a813.54 _bVan26m |
||
| 100 |
_aVan de Wetering, Janwillem _eAutor |
||
| 245 | 0 |
_aMuerte en el Dique / _cpor Janwillem Van de Wetering [Autor] |
|
| 264 |
_aBarcelona : _bVersal, _c℗1987. |
||
| 300 | _a1 volumen | ||
| 520 | _a"Muerte en el Dique" de Janwillem van de Wetering es una novela de misterio que se sitúa en los paisajes urbanos de Ámsterdam. La historia sigue a los detectives Grijpstra y de Gier mientras investigan un extraño caso de asesinato en el que un cuerpo es encontrado en un dique. A medida que desentrañan los secretos de la víctima y sus conexiones con el mundo del arte y la cultura, los detectives se enfrentan a una serie de personajes intrigantes y situaciones inesperadas. La narración combina elementos de humor y reflexión, explorando las complejidades de la naturaleza humana y las interacciones sociales en una sociedad en transformación. A través de un estilo narrativo ágil y observaciones sociólogicas agudas, Van de Wetering no solo construye un enigma cautivador, sino que también ofrece una crítica sutil sobre la vida contemporánea en los Países Bajos, haciendo de esta obra una lectura rica y entretenida para los amantes del género policial. | ||
| 653 | _aFicción | ||
| 653 | _aLiteratura | ||
| 653 | _aNovela | ||
| 942 |
_b2026/02/17 _cBK |
||
| 999 |
_c9004 _d9004 |
||